| 000 | 00742nam a2200217Ia 4500 | ||
|---|---|---|---|
| 003 | GCL | ||
| 005 | 20240530101943.0 | ||
| 008 | 140319s9999 xx 000 0 ara d | ||
| 040 |
_aGCL / _cGCL |
||
| 082 | 0 | 4 |
_a932 _bق/ر م |
| 100 | 1 | _aرمضان عبده على | |
| 245 | 1 | 0 |
_aمعالم تاريخ مصر القديمة منذ اقدم العصور حتى عام 332 قبل الميلاد / _cرمضان عبده على |
| 260 |
_a[S.N] : _bالهيئة المصرية العامة للكتاب ، _c1979 |
||
| 300 | _a663 ص | ||
| 650 | 0 | 4 | _aالحضارة |
| 650 | 0 | 4 | _aمصر القديمة |
| 650 | 0 | 4 | _aالتاريخ |
| 650 | 0 | 4 | _aالحضارة الفرعونية |
| 650 | 0 | 4 | _aعلم المصريات |
| 942 |
_2ddc _cBK |
||
| 999 |
_c28960 _d28960 |
||